00443nam a2200181 a 4500001001300000003000900013005001700022008004100039020000900080082002100089100002400110245002000134260002000154300000900174500003500183650001900218700002400237nice12345678IN_TiNIC20260116011513.0070326s1952 laha grp 000 0 urd  ac2000a305.480297bNAD2 aNadvi, Abdul Qayuma aIslam Awr Awrat aLahore bc1952 a170p aincludes index and biblioraphy aWomen in Islam1 aNadvi, Abdul Qayuma